PLC trong điều khiển các quá trình công nghiệp: Bộ điều khiển khả lập trình PLC
সংরক্ষণ করুন:
| প্রধান লেখক: | |
|---|---|
| বিন্যাস: | গ্রন্থ |
| ভাষা: | Undetermined |
| প্রকাশিত: |
Tp HCM
ĐHQG
2003
|
| বিষয়গুলি: | |
| ট্যাগগুলো: |
ট্যাগ যুক্ত করুন
কোনো ট্যাগ নেই, প্রথমজন হিসাবে ট্যাগ করুন!
|
| Thư viện lưu trữ: | Trung tâm Học liệu Trường Đại học Cần Thơ |
|---|
| LEADER | 00650nam a2200181Ia 4500 | ||
|---|---|---|---|
| 001 | CTU_56884 | ||
| 008 | 210402s9999 xx 000 0 und d | ||
| 020 | |b 25000 | ||
| 082 | |a 629.895 | ||
| 082 | |b Qu451 | ||
| 100 | |a Lê Hoài Quốc | ||
| 245 | 0 | |a PLC trong điều khiển các quá trình công nghiệp: Bộ điều khiển khả lập trình PLC | |
| 245 | 0 | |c Lê Hoài Quốc và Chung Tấn Lâm | |
| 260 | |a Tp HCM | ||
| 260 | |b ĐHQG | ||
| 260 | |c 2003 | ||
| 650 | |a electronic apparatus and appliances,automatic control,programmable controllers | ||
| 980 | |a Trung tâm Học liệu Trường Đại học Cần Thơ | ||